01079nam a22002417a 45000010005000000030006000050050017000110080041000280200018000690400029000870820011001161000015001272450026001422600044001683000048002124900026002605050008002865200418002945210029007125210020007416500043007616500033008048419FISKH20250910162841.0250910b cb ||||| |||| 00| 0 eng d a9781410911605 aFISKHbengcFISKHdFISKH a639.34 aWaters, Jo aFish / cBy Jo Waters aChicago, illinois :bRaintree , c2005. a32 pages : bcolor illustrations ;c26 cm . aThe Wild Side of Pets aO  aA shark in the ocean can certainly be wild, but what about the goldfish in your room? Find out in this title all about the wild side of fish. The book looks at why sharks live the way they do (e.g. what they eat in the wild) and uses this as the starting point for giving appropriate pet care information. The unique perspectives of these books come from emphasizing the close links between pets and wild animals.8 a600 bLexile estimate 8 aO bRaz-Plus  aAquarium fishes vJuvenile Literature  aFishesvJuvenile Literature